Paradoxes in probability theory and mathematical statistics /

Guardado en:
Autor Principal: Székely, Gábor J., 1947-
Formato: Libro
Idioma:English
Hungarian
Publicado: Budapest : Akadémiai Kiadó, 1986.
Materias:
Etiquetas: Agregar Etiqueta
Sin Etiquetas, Sea el primero en etiquetar este registro!
LEADER 01249nam a2200265 a 4500
001 MAT.inmabb007146
008 870325s1986####hu#######b####001#0#eng##
005 20180817115116.0
245 1 0 |a Paradoxes in probability theory and mathematical statistics /  |c Gábor J. Székely ; [translated by Márta Alpár and Éva Unger]. 
260 |a Budapest :  |b Akadémiai Kiadó,  |c 1986. 
300 |a xii, 250 p. ;  |c 23 cm. 
500 |a Esta traducción es una versión revisada y actualizada de la edición original en húngaro: Paradoxonok a véletlen matematikában. 
504 |a Incluye referencias bibliográficas e índices. 
505 0 |a 1. Classical paradoxes of probability theory -- 2. Paradoxes in mathematical statistics -- 3. Paradoxes of random processes -- 4. Paradoxes in the foundations of probability theory. Miscellaneous paradoxes -- 5. Paradoxology. 
020 |a 9630541513 
100 1 |a Székely, Gábor J.,  |d 1947- 
240 1 0 |a Paradoxonok a véletlen matematikában.  |l Inglés 
650 0 |a Probabilities. 
650 0 |a Mathematical statistics. 
650 0 |a Paradox. 
084 |a 60-00 (60-03 62-00 62-03)  |2 msc2000 
010 |a  87125508  
040 |a DLC  |c DLC  |d DLC 
041 1 |a eng  |h hun 
859 |h 60  |i Sz997  |p A-9220  |b BIB. MATEMATICA